| 000 | 01073cam a22002653a 4500 | ||
|---|---|---|---|
| 001 | 4036 | ||
| 003 | PGUSA | ||
| 005 | 20140828083042.0 | ||
| 008 | 030501s2003||||xxu|||||s|||||000 p eng d | ||
| 040 |
_aPGUSA _beng |
||
| 042 | _adc | ||
| 050 | 4 | _aPR | |
| 100 | 1 |
_aPater, Walter, _d1839-1894 |
|
| 245 | 1 | 0 |
_aEssays from 'The Guardian' _h[electronic resource] / _cWalter Pater |
| 260 |
_bProject Gutenberg, _c2003 |
||
| 500 | _aUnaccented version in 7essg10.txt and 7essg10.zip, accented versions in 8essg10.txt and 8essg10.zip | ||
| 505 | 0 | _aEnglish literature -- Amiel's "Journal intime" -- Browning -- "Robert Elsmere" -- Their Majesties' servants -- Wordsworth -- Mr. Gosse's poems -- Ferdinand Fabre -- The "Contes" of M. Augustin Filon. | |
| 506 | _aPublic domain in the USA. | ||
| 516 | _aElectronic text | ||
| 653 | _aFrench literature -- 19th century -- History and criticism | ||
| 653 | _aEnglish literature -- 19th century -- History and criticism | ||
| 830 | 0 |
_aProject Gutenberg _v4036 |
|
| 856 | 4 | 0 | _uhttp://www.gutenberg.org/ebooks/4036 |
| 942 | _cEB | ||
| 999 |
_c233365 _d233365 |
||